000
00312nam a22001337a 4500
003
SGT
082
_a
157
_b
P17G
100
_a
GREGORY, ROBERT
245
_a
PSYCHOLOGICAL TESTING: HISTORY, PRINCIPLES AND APPLICATION
250
_a
7TH
260
_a
INDIA
_b
PERSON
_c
2017
300
_a
602
942
_2
ddc
_c
BK
_0
6
999
_c
15062
_d
15062